000 00686nam a2200253Ia 4500
005 20251020182449.0
008 200515s9999 xx 000 0 und d
020 _a978-84-362-6150-9
082 _a620.17/R74/1
100 _aGonzáles-Alberto García, Antonio
100 _aRodríguez-Avial Llardent, Mariano
245 0 _aElasticidad y resistencia de materiales I
250 _a1a ed.
260 _aMadrid
260 _bUniversidad Nacional de Educación a Distancia
260 _c2011
300 _a630
300 _btbl., graf.
490 _aColección Grado
500 _a1 ejemplar. Tomo I
650 _aRESISTENCIA DE MATERIALES
942 _cLIB
999 _c792
_d792